| 000 | 00969cam a2200193ua 4500 | ||
|---|---|---|---|
| 020 | _cRs 3.50 | ||
| 041 |
_aeng _h |
||
| 082 |
_a954 _bDHA/CH |
||
| 100 | _aDhar, Sheila . | ||
| 110 | 1 |
_aPublications Division . _b _c(Ministry of I & B, Govt of India ) |
|
| 245 |
_aChildren`s history of India / _cSheila Dhar. _hTextual Documents |
||
| 250 |
_a4 / _b. |
||
| 260 |
_a : _bPublications division , _c1965. |
||
| 300 | _a152 ; . | ||
| 365 | _aRs 3.50 | ||
| 504 | _a | ||
| 942 | _cBK | ||
| 999 |
_c270 _d270 |
||